| 000 | 00960nas a2200313 4500 | ||
|---|---|---|---|
| 001 | BR0301588 | ||
| 003 | BR-BrBNA | ||
| 005 | 20231205103646.0 | ||
| 007 | ta | ||
| 008 | 230509b bl.|||p| |||| 00| 00por d | ||
| 040 |
_aBR-BrBNA _bpor _cBiblioteca Nacional de Agricultura |
||
| 041 | _a(Pt) | ||
| 072 | _aL20; L52 | ||
| 100 | 1 | _aSouza, D.J. de | |
| 100 | 1 | _aLucia, T.M.C.D. | |
| 100 | 1 | _aErrard, C. | |
| 100 | 1 | _aD'Ettorre, P. | |
| 100 | 1 | _aMercier, J.L. | |
| 245 | 1 | _aReconhecimento da prole por operárias companheiras e não companheiras de ninho em Acromyrmex laticeps nigrosetosus Forel, 1908 (Hymenoptera, Formicidae) | |
| 650 | _aFORMIGA | ||
| 650 | _aLARVA | ||
| 650 | _aCOMPORTAMENTO ANIMAL | ||
| 650 | _aPUPA | ||
| 650 | _aNINHO | ||
| 650 | _aMINAS GERAIS | ||
| 773 | 0 |
_tCiência Rural (Brazil) _xISSN 0103-8478 _g(Jan-Feb 2003), v. 33(1) p. 91-95 _wBR0301588 |
|
| 909 |
_a202311 _bLúcia _c55 _dLúcia Elande |
||
| 942 |
_2AGRIS _n0 _cANA |
||
| 999 |
_c174060 _d174060 |
||